000 00470nmm a2200157Ia 4500
008 251105s9999||||xx |||||||||||||||||und||
020 _a9788497887984
041 _aspa
100 _aPlanella Ribera, Jordi
245 0 _aSer Educador. Entre Pedagogía y Nomadismo
264 _a[Madrid, España] :
_bUniversitat Oberta de Catalunya,
_c2009
300 _a226 páginas
650 _aEducation
856 _uhttps://public.digitaliapublishing.com/a/21308
942 _cCF
999 _c90728
_d90728